Low temperature biology of foodstuffs
Salvato in:
| Autori principali: | , |
|---|---|
| Natura: | Libro |
| Lingua: | inglese |
| Pubblicazione: |
Oxford
Pergamon Press
1968
|
| Soggetti: | |
| Tags: |
Aggiungi Tag
Nessun Tag, puoi essere il primo ad aggiungerne!!
|
MARC
| LEADER | 00000nam a2200000 a 4500 | ||
|---|---|---|---|
| 001 | UCR5705 | ||
| 003 | CL-VaPUC | ||
| 008 | 980403e19680000UK |||||||||||||||||eng|d | ||
| 082 | 0 | 4 | |a 576.163 |b HAW |2 21 |
| 100 | |a Hawthorn, John |e author |9 407685 | ||
| 700 | 0 | |a Rolfe, E. J |e author |9 406652 | |
| 245 | 1 | 0 | |a Low temperature biology of foodstuffs |
| 300 | |a 458 p | ||
| 942 | |c BK | ||
| 945 | |d 19980403 00:00:00 |a crobeson | ||
| 260 | |a Oxford |b Pergamon Press |c 1968 | ||
| 650 | 0 | |a Microbiología alimentaria |9 259564 | |
| 650 | 0 | |a Alimentos |9 256203 | |
| 650 | 0 | |a Microorganismos |9 264259 | |
| 650 | 0 | |a Análisis microbiológico |9 406124 | |
| 650 | 0 | |a Refrigeración |9 259343 | |
| 583 | |a last modification |c 19980403 00:00:00 |k Rodrigo Vera | ||
| 999 | |c 268164 |d 268162 | ||
| 952 | |0 0 |1 0 |4 0 |6 576_163000000000000_HAW_1968 |7 0 |8 A |9 301099 |a BIBALI |b BIBALI |c GEN |d 2019-11-20 |i 1977636 |o 576.163 HAW 1968 |p 1977636 |r 2025-01-20 |w 2019-11-20 |y BK |k ALI | ||